Framed as a terrorist: (Record no. 100085)

MARC details
000 -LEADER
fixed length control field 00681nam a22002057a 4500
005 - DATE AND TIME OF LATEST TRANSACTION
control field 20230526152903.0
010 ## - LCCN (DPL NO)
LC control number ENG-115161 ENG-137055
020 ## - INTERNATIONAL STANDARD BOOK NUMBER
International Standard Book Number 9789385755224
Terms of availability 250.00
035 ## - SYSTEM CONTROL NUMBER
System control number EN-98693
035 ## - SYSTEM CONTROL NUMBER
System control number EN-120587
037 ## - SOURCE OF ACQUISITION
Source of stock number/acquisition DBAD/PUB
082 ## - DEWEY DECIMAL CLASSIFICATION NUMBER
Classification number 365.6092
100 ## - MAIN ENTRY--PERSONAL NAME
Personal name Amir Khan, Mohammad
245 ## - TITLE STATEMENT
Title Framed as a terrorist:
Remainder of title my 14-year struggle to prove my innocence /
Statement of responsibility, etc by Mohammad Amir Khan [and] Nandita Haksar
260 ## - PUBLICATION, DISTRIBUTION, ETC. (IMPRINT)
Place of publication, distribution, etc New Delhi
Name of publisher, distributor, etc Speaking Tiger
Date of publication, distribution, etc 2016
270 ## - ADDRESS
Address 4381/4,Ansari Road, Daryaganj,
City New Delhi
Postal code 110002
300 ## - PHYSICAL DESCRIPTION
Extent 234p. :
Other physical details ill.
Dimensions 20cm(pbk)
700 ## - ADDED ENTRY--PERSONAL NAME
Personal name by Haksar, Nandita
942 ## - ADDED ENTRY ELEMENTS (KOHA)
Source of classification or shelving scheme Dewey Decimal Classification
Item type English Books
Classification part 365.6092
Call number suffix AAM
Holdings
Withdrawn status Lost status Not for loan Collection code Home library Current library Date acquired Source of acquisition Cost, normal purchase price Full call number Barcode Copy number Cost, replacement price Koha item type
      Non-fiction Ashok Vihar Ashok Vihar 26/05/2016 DBAD/PUB 250.00 365.6092 AAM EN-98693 1 250.00 English Books

© Delhi Public Library
Hit Counter
free hit counter